[Event "DSB-Kader-Challenge 2021"]
[Site "Magdeburg"]
[Date "2021.04.11"]
[Round "9.4"]
[White "Bluebaum, Matthias"]
[Black "Kollars, Dmitrij"]
[Result "1/2-1/2"]
[WhiteElo "2670"]
[BlackElo "2598"]
[Annotator "TA"]
[PlyCount "72"]
[EventDate "2021.04.05"]
[EventType "tourn"]
[EventCountry "GER"]
[SourceTitle "playchess.com"]
[Source "ChessBase"]
[SourceQuality "1"]

{[%evp 16,72,28,28,22,11,17,17,30,33,67,25,19,20,22,29,38,33,27,-2,28,19,22,14,33,6,5,6,11,3,8,2,20,16,18,12,24,0,4,0,0,0,12,1,8,4,7,5,1,0,0,-5,6,0,0,-7,0,0,0]} 1. d4 d5 2. Nf3 Nf6 3. c4 c6 4. Nc3 e6 5. Qd3 Nbd7 6. g3 Bd6 7. Bg2 dxc4 8. Qxc4 O-O 9. O-O e5 {E01: Catalan: Early deviations.} 10. Rd1 Qe7 11. Qb3 Re8 12. Qc2 {[#]} Nf8 $146 ({Predecessor:} 12... h6 13. e3 exd4 14. Nxd4 Ne5 15. h3 h5 16. Nf5 Bxf5 17. Qxf5 Rad8 18. b3 g6 19. Qc2 {½-½ (18) Erdogdu,M (2422)-Ali Marandi,C (2426) Buldan 2014}) 13. Bg5 exd4 $1 14. Nxd4 Be5 15. Ne4 h6 16. Nxf6+ Bxf6 17. Be3 Bg5 18. Bxg5 hxg5 19. Qc3 (19. Rd2 {is more complex.} a5 20. Rad1 a4 21. a3 Qf6 22. Qc3) 19... Qf6 (19... Qe5 {feels hotter.} 20. h3 Be6 21. e3 Rad8 22. Rac1 Bd5) 20. Qf3 Qxf3 21. Bxf3 g4 22. Bg2 Bd7 23. Rd2 a5 24. Nb3 Re5 25. Rc1 Rae8 26. Kf1 Bc8 {The position is equal.} 27. Nc5 Nh7 28. a3 Nf6 29. b4 axb4 30. axb4 R5e7 31. Ra1 Nd7 32. Nd3 Ne5 33. Nc5 Nd7 34. Nd3 Ne5 35. Nc5 Nd7 36. Nd3 Ne5 {Weighted Error Value: White=0.07/Black=0.06} 1/2-1/2

[Event "DSB-Kader-Challenge 2021"]
[Site "Magdeburg"]
[Date "2021.04.11"]
[Round "9.5"]
[White "Heimann, Andreas"]
[Black "Svane, Rasmus"]
[Result "1/2-1/2"]
[WhiteElo "2606"]
[BlackElo "2613"]
[Annotator "TA"]
[PlyCount "80"]
[EventDate "2021.04.05"]
[EventType "tourn"]
[EventCountry "GER"]
[SourceTitle "playchess.com"]
[Source "ChessBase"]
[SourceQuality "1"]

{[%evp 11,80,18,29,25,36,-7,39,48,44,44,30,38,43,22,22,29,23,6,28,29,22,20,25,18,22,11,11,11,11,11,15,12,12,12,20,8,14,0,0,0,0,0,0,0,0,0,0,0,8,4,2,0,8,8,8,8,8,8,8,8,8,8,8,8,8,-8,-8,-8,-8,-8,-8]} 1. d4 Nf6 2. c4 e6 3. Nf3 d5 4. Nc3 c5 5. cxd5 cxd4 6. Qxd4 exd5 7. e4 {[%cal Re4d5] D41: Queen's Gambit Declined: Semi-Tarrasch with 5 cxd5.} dxe4 $1 {[%mdl 4] is more profitable than 7...Nc6 at the moment.} 8. Qxd8+ Kxd8 9. Ng5 {White is slightly better.} Be6 10. Nxe6+ fxe6 11. Bg5 Nc6 12. O-O-O+ Ke8 13. Bb5 Rc8 14. Kb1 Bb4 15. Bxf6 gxf6 16. Nxe4 f5 17. Ng5 {[#] aiming for a3.} Ke7 $1 {The position is equal.} 18. a3 Ba5 19. f4 h6 20. Nf3 Rhd8 21. Rxd8 {[#]} Bxd8 $146 ({Predecessor:} 21... Nxd8 22. Rd1 Rc7 23. Ne5 a6 24. Be2 Bb6 25. Ng6+ Ke8 26. Bh5 Nc6 27. g4 fxg4 {½-½ (56) Carlsen,M (2862)-Tari,A (2625) Wijk aan Zee 2021}) 22. Rc1 a6 23. Bd3 Bb6 24. Re1 Kf6 25. Bc4 Re8 26. b4 Re7 27. Kc2 Nd4+ 28. Nxd4 Bxd4 $11 {[%mdl 4096] Endgame KRB-KRB} 29. a4 e5 30. fxe5+ Bxe5 31. Kb3 (31. a5 {is more complex.} Rd7 32. g3 h5 33. Rf1 h4 34. Rf3) 31... Bxh2 32. Rxe7 Kxe7 {KB-KB} 33. Bd5 b6 34. a5 bxa5 35. bxa5 Kd6 36. Bb7 Bg3 37. Bxa6 Be1 38. Bd3 Bxa5 39. Bxf5 Ke5 40. Bg4 Kf4 {Weighted Error Value: White=0.03/Black=0.02} 1/2-1/2